| 000 | 00877nam a22002657a 4500 | ||
|---|---|---|---|
| 001 | 000719 | ||
| 003 | DO-SdBNP | ||
| 005 | 20180212144504.0 | ||
| 007 | 000719 | ||
| 008 | 161118b 2009 sp a |||| |||| 00| 0 spa d | ||
| 020 | _a9788444101620 | ||
| 040 |
_aBPMSU _bspa _cBPMSU |
||
| 082 |
_axxxx _bxxxx |
||
| 100 | 1 | _aLópez Gómez, Luisa M. | |
| 245 | 1 | 0 |
_aToy story : _baprendo con la J, GUE, GUI, GÜE, GÜI / _celaborados por Luisa M. López Gómez. |
| 246 | _aA prendo con la J, GUE, GUI, GÜE, GÜI | ||
| 260 |
_aLeón : _bEverest Internacional, _c2009. |
||
| 300 |
_a31 p. : _bil. ; _c22 cm. |
||
| 490 | 1 |
_aAprendo con las vocales y los fonemas _v13 |
|
| 500 | _aPrecede al título: Disney | ||
| 830 | 0 |
_aAprendo con las vocales y los fonemas ; _v13 |
|
| 942 |
_2ddc _cBK |
||
| 945 | _aInventariado, 2018/ YL | ||
| 956 |
_2LOPEREZ _310 _620161117 _8BPMSU _a00041 |
||
| 999 |
_c11997 _d11997 |
||